Von Claudio Monteverdi bis Richard Strauss. Die opernarie im Laufe der Jahrhunderte.
Uložené v:
| Hlavný autor: | |
|---|---|
| Médium: | Kniha |
| Jazyk: | German |
| Vydané: |
Halle :
VEB Max Niemeyer Verlag,
1955.
|
| Fyzický popis: |
103 strán. |
| Tagy: |
Pridať tag
Žiadne tagy, Buďte prvý kto otaguje tento záznam!
|
Titul je dostupný aj v ... 

MARC
| LEADER | 00000nam a22000002i 4500 | ||
|---|---|---|---|
| 001 | 000646621 | ||
| 005 | 20201008120959.0 | ||
| 008 | 201008s1955 gw e 000 0 ger d | ||
| 020 | |c Kčs 10,00 |q (brožované) | ||
| 040 | |a SVKKK |b slo |c SVKKK |e rda | ||
| 100 | 1 | |a Murzilli, Vincenzo | |
| 245 | 1 | 0 | |a Von Claudio Monteverdi bis Richard Strauss. Die opernarie im Laufe der Jahrhunderte. |
| 264 | 1 | |a Halle : |b VEB Max Niemeyer Verlag, |c 1955. | |
| 300 | |a 103 strán. | ||
| 336 | |a text |b txt |2 rdacontent | ||
| 337 | |a bez média |b n |2 rdamedia | ||
| 338 | |a zväzok |b nc |2 rdacarrier | ||
| 500 | |a Záznam revízie | ||
| 910 | |a svkkk | ||
| 998 | |a BK | ||
| 090 | |g SCKHL |k Sklad Pribinova 2. posch. |a III.86915 |j 316426 |i 2720690796 |s Prezenčne | ||